| 000 | 01201nam a2200313 i 4500 | ||
|---|---|---|---|
| 001 | 000005659 | ||
| 003 | DO-SdBNP | ||
| 005 | 20250217091458.0 | ||
| 007 | ta | ||
| 008 | 090821s1992 dr a r 001 0 spa d | ||
| 040 |
_aDO-SdBNP _bspa _cBNPHU _erda |
||
| 082 |
_axxxx _bO77c _222 |
||
| 100 |
_aOrtega, Elpidio _916002 _eautor _4aut. |
||
| 245 | 1 | 3 |
_aLa Capilla del Rosario y los botones del período republicano / _cElpidio Ortega ; prólogo Nicolás de Jesús López Rodríguez. |
| 264 | 1 |
_aSanto Domingo : _bComisión Dominicana Permanente para la Celebración del Quinto Centenario del Descubrimineto y Evangelización de América, _c1992. |
|
| 300 |
_a114 páginas ; _bilustraciones ; _c25 cm. |
||
| 336 |
_atexto _btxt _2rdacontent |
||
| 337 |
_asin mediación _bn _2rdamedia |
||
| 338 |
_avolumen _bnc _2rdacarrier |
||
| 490 | 1 |
_aHistoria de la Ciudad _v2 |
|
| 490 | 1 | _aQuinto Centenario | |
| 500 | _aIncluye índice. | ||
| 500 | _aIncluye notas al pie de páginas. | ||
| 504 | _aBibliografía : p. 91-92 | ||
| 590 | _aInventariado, 2020 / DG | ||
| 700 | 1 |
_a López Rodríguez, Nicolás de Jesús, _d1936- _eprologuista _4prol. _9670 |
|
| 910 | _aInventariado, 2020 / DG | ||
| 942 |
_2ddc _cLBS1 |
||
| 999 |
_c5457 _d5457 |
||